000 00344nam a2200157Ia 4500
008 230605s2007 xx 000 0 und d
041 _aeng
100 _aFoll
245 _aModern french classic
260 _bHutchinsons
_c2007
300 _a543
365 _b1185
_h20
500 _a1619
520 _aReference Copy
650 _aFrench
999 _c418371
_d418371